Distribution par images - La Belle Américaine - Statistiques

Statistiques générales
  • Ce quiz a été pris 20 fois
  • Le résultat moyen est 6 sur 9
Statistiques - réponses
Par images Hint Réponse % Correct
Viralot Louis de Funès
100%
Chougnasse Jean Lefebvre
89%
Malandrin à casquette Jean Carmet
78%
Fachepot Claude Piéplu
72%
Pierrot Christian Marin
67%
Chauveau Michel Serrault
67%
Marcel Perrignon Robert Dhéry
44%
Paulette Perrignon Colette Brosset
28%
Riri Jacques Legras
22%
Aucun quiz correspondant
Distribution des résultats
% des personnes avec chaque résultat
Percentile par nombre de réponses
Votre historique - résultats
Vous n’avez pas pris ce quiz